<?xml version="1.0" encoding="UTF-8"?>
<collection xmlns="http://www.loc.gov/MARC21/slim">
<record>
  <controlfield tag="001">168457</controlfield>
  <controlfield tag="005">20260205155159.0</controlfield>
  <datafield tag="024" ind1="7" ind2=" ">
    <subfield code="2">doi</subfield>
    <subfield code="a">10.1016/j.foodcont.2025.111930</subfield>
  </datafield>
  <datafield tag="024" ind1="8" ind2=" ">
    <subfield code="2">sideral</subfield>
    <subfield code="a">147913</subfield>
  </datafield>
  <datafield tag="037" ind1=" " ind2=" ">
    <subfield code="a">ART-2025-147913</subfield>
  </datafield>
  <datafield tag="041" ind1=" " ind2=" ">
    <subfield code="a">eng</subfield>
  </datafield>
  <datafield tag="100" ind1=" " ind2=" ">
    <subfield code="a">Esteban-Sanz, Clara</subfield>
    <subfield code="u">Universidad de Zaragoza</subfield>
    <subfield code="0">(orcid)0009-0005-0336-7582</subfield>
  </datafield>
  <datafield tag="245" ind1=" " ind2=" ">
    <subfield code="a">ELISA and lateral flow immunoassay validation for a sensitive and rapid detection of crustaceans in thermally processed food and working surfaces</subfield>
  </datafield>
  <datafield tag="260" ind1=" " ind2=" ">
    <subfield code="c">2025</subfield>
  </datafield>
  <datafield tag="520" ind1="3" ind2=" ">
    <subfield code="a">Crustaceans are one of the major triggers of food allergies and can be found as hidden allergens. A sandwich ELISA and lateral flow immunoassay (LFIA) were developed and validated to detect crustaceans by identifying prawn tropomyosin. Both methods could detect crustacean protein in complex food matrices spiked with prawn extract at levels of 1.25 and 5 μg/g, respectively, with high recoveries (59 %–98 %). Crustacean protein was also identified in model thermally processed foods (sausages, croquettes, and broth) containing prawn at levels of 1.25 and 10 μg/g using ELISA and LFIA. Among 63 basic ingredients analyzed, cross-reactivity was observed with mollusks, enabling their detection. ELISA and LFIA could detect 0.1 and 1.0 μg of crustacean protein on contact surfaces, respectively. Both tests proved to be robust. Laboratory and on-site analysis using these immunoassays can support allergen management strategies, helping to prevent unnecessary precautionary labelling.</subfield>
  </datafield>
  <datafield tag="506" ind1="0" ind2=" ">
    <subfield code="a">Access copy available to the general public</subfield>
    <subfield code="f">Unrestricted</subfield>
  </datafield>
  <datafield tag="536" ind1=" " ind2=" ">
    <subfield code="9">info:eu-repo/grantAgreement/ES/DGA/A20-23R</subfield>
  </datafield>
  <datafield tag="540" ind1=" " ind2=" ">
    <subfield code="9">info:eu-repo/semantics/openAccess</subfield>
    <subfield code="a">by</subfield>
    <subfield code="u">https://creativecommons.org/licenses/by/4.0/deed.es</subfield>
  </datafield>
  <datafield tag="655" ind1=" " ind2="4">
    <subfield code="a">info:eu-repo/semantics/article</subfield>
    <subfield code="v">info:eu-repo/semantics/publishedVersion</subfield>
  </datafield>
  <datafield tag="700" ind1=" " ind2=" ">
    <subfield code="a">Civera, Alba</subfield>
    <subfield code="0">(orcid)0000-0001-7719-6388</subfield>
  </datafield>
  <datafield tag="700" ind1=" " ind2=" ">
    <subfield code="a">Mata, Luis</subfield>
  </datafield>
  <datafield tag="700" ind1=" " ind2=" ">
    <subfield code="a">Sánchez, Lourdes</subfield>
    <subfield code="u">Universidad de Zaragoza</subfield>
    <subfield code="0">(orcid)0000-0001-5964-823X</subfield>
  </datafield>
  <datafield tag="700" ind1=" " ind2=" ">
    <subfield code="a">Pérez, María D.</subfield>
  </datafield>
  <datafield tag="700" ind1=" " ind2=" ">
    <subfield code="a">Galan-Malo, Patricia</subfield>
    <subfield code="u">Universidad de Zaragoza</subfield>
  </datafield>
  <datafield tag="710" ind1="2" ind2=" ">
    <subfield code="1">2008</subfield>
    <subfield code="2">780</subfield>
    <subfield code="a">Universidad de Zaragoza</subfield>
    <subfield code="b">Dpto. Produc.Animal Cienc.Ali.</subfield>
    <subfield code="c">Área Tecnología de Alimentos</subfield>
  </datafield>
  <datafield tag="773" ind1=" " ind2=" ">
    <subfield code="g">183 (2025), 111930 [11 pp.]</subfield>
    <subfield code="p">Food control</subfield>
    <subfield code="t">Food Control</subfield>
    <subfield code="x">0956-7135</subfield>
  </datafield>
  <datafield tag="856" ind1="4" ind2=" ">
    <subfield code="s">859652</subfield>
    <subfield code="u">http://zaguan.unizar.es/record/168457/files/texto_completo.pdf</subfield>
    <subfield code="y">Versión publicada</subfield>
  </datafield>
  <datafield tag="856" ind1="4" ind2=" ">
    <subfield code="s">2572430</subfield>
    <subfield code="u">http://zaguan.unizar.es/record/168457/files/texto_completo.jpg?subformat=icon</subfield>
    <subfield code="x">icon</subfield>
    <subfield code="y">Versión publicada</subfield>
  </datafield>
  <datafield tag="909" ind1="C" ind2="O">
    <subfield code="o">oai:zaguan.unizar.es:168457</subfield>
    <subfield code="p">articulos</subfield>
    <subfield code="p">driver</subfield>
  </datafield>
  <datafield tag="951" ind1=" " ind2=" ">
    <subfield code="a">2026-02-05-14:36:58</subfield>
  </datafield>
  <datafield tag="980" ind1=" " ind2=" ">
    <subfield code="a">ARTICLE</subfield>
  </datafield>
</record>
</collection>